00744nam a2200241 a 4500001001300000003000900013005001700022008004100039020002300080082002100103100002300124245004500147260003600192300000900228500003500237505002400272650001700296700002300313902000800336942000700344952013400351999001700485nice12345678IN_TiNIC20260116014153.0050524s2004 dela grp 000 0 eng  a8171696 c65000a305.480297bCHA1 aChaturvedi, Archna aMuslim Women from Tradition to Modernity aDelhi bCommenwealth Pub c2004 a261p aincludes index and biblioraphy2 aBibliography, Index aMuslim Women1 aChaturvedi, Archna bSRS cBK 001040708StackRoom-aHMIbHMId2010-06-07g650.00l2o305.480297 CHA1p020955r2020-02-07s2020-02-06v650.00w2005-05-24yBK c14173d14173